Personnages de la saga Professeur Layton - Statistiques

Statistiques générales
  • Ce quiz a été pris 46 fois
    41 depuis la dernière actualisation
  • Le résultat moyen est 18 sur 31
Statistiques - réponses
Indice Réponse % Correct
Gentleman au haut-de-forme Hershel Layton
100%
Apprenti du professeur Luke Triton
100%
Ennemi fraternel Jean Descole / Desmond Sycamore
91%
Assistante photographe Emmy Altava
89%
La pomme d'or Flora Reinhold
80%
Aïeule recueillant les devinettes oubliées Mamie Mystère
80%
Moustachu grincheux de Scotland Yard Inspecteur Chelmey
77%
Inspecteur à la poitrine saillante Inspecteur Clamp Grosky
77%
Amour perdu Claire Foley
74%
Luke du futur Clive Dove
74%
Maître du déguisement moustachu Don Paolo / Paul
71%
Le vampire de Folsense Vladimir Van Herzen
71%
Paternel dirigeant TARGET Léon Bronev
69%
(Ancien) Maire de Misthallery Clark Triton
57%
Enfants qui ne font qu'un sous un costume Corbeau noir
54%
Émissaire d'un peuple ancien Gaïa
54%
Fondateur de Dorémont Henry Dumont
54%
Premier ministre criminel Bill Hawks
51%
Fidèle bras droit, agent de police Barton
49%
Ancien ami rancunier Randall Ascott
49%
Chef de train rock'n'roll Sam Léclair
49%
Mentor quelque peu curieux Dr. Andrew Schrader
46%
Frère du vampire, oncle du rockeur M. Bélouga
40%
Touriste ayant une fâcheuse tendance à se perdre Pavel
40%
Initiateur aux pièces S.O.S Stachenscarfen
37%
Directeur de Gressenheller Doyen Delmona
34%
Mère inquiète et protectrice, mariée à Roland Lucille Layton
29%
Amie d'enfance aux boucles blondes Marissa Dumont
26%
Fidèle majordome Raymond
23%
Majordorme mécanique Matthew
14%
Cantatrice interprétant une défunte reine Janice Quatlane
11%
Aucun quiz correspondant
Distribution des résultats
% des personnes avec chaque résultat
Percentile par nombre de réponses
Votre historique - résultats
Vous n’avez pas pris ce quiz depuis la dernière actualisation